Hydrobiológia vo vodnom hospodárstve

Bibliographic Details
Main Author: Rothschein, Jozef (Author)
Format: Article
Language:Slovak

MARC

LEADER 00000nab a2200000uu 4500
001 vtls011146586
003 SK-MaSNL
005 20260303111911.0
008 230121|1972 xo |||||||||||||||||slo|
015 |a SNBRB 
035 |a (urnnbn)urn:nbn:sk:snk:ar-a09sjz 
035 |a (uuid)cc52fbda-5d7a-466d-ad1f-f07863c46f31 
035 |a urn:nbn:sk:snk-abax4b 
040 |a SNKBUCL  |b slo  |c SNKBUCL  |e AACR2 
041 0 |a slo 
044 |a xo  |c SK 
100 1 |a Rothschein, Jozef  |4 aut  |9 352151 
245 1 0 |a Hydrobiológia vo vodnom hospodárstve  |c Jozef Rothschein 
773 0 |t Vodohospodársky spravodajca  |g Roč. 15, č. 4 (1972), s. [176]-179 
954 |a odborná, vedecká literatúra pôvodná (slovenská)  |2 lita 
958 |a OND 
958 |a EUIPO 
958 |a article14 
999 |c 1880267  |d 1882197